书目信息 |
| 题名: |
生物化工产品生产工艺技术及应用
|
|
| 作者: | 任凌波 编 | |
| 分册: | ||
| 出版信息: | 北京 化学工业出版社 2001.06 |
|
| 页数: | 606页 | |
| 开本: | 20cm | |
| 丛书名: | ||
| 单 册: | ||
| 中图分类: | TQ072 | |
| 科图分类: | ||
| 主题词: | 化工产品 , 化工产品:副产品 | |
| 电子资源: | ||
| ISBN: | 7-5025-3105-X | |
| 000 | 00630nam0 2200205 45 | |
| 001 | 0254602840 | |
| 005 | 20061226145112.65 | |
| 010 | @a7-5025-3105-X@dRMB 40.00 | |
| 100 | @a20020416d2001 km y0chiy0120 ea | |
| 101 | 0 | @achi |
| 102 | @aCN@b110000 | |
| 200 | 1 | @a生物化工产品生产工艺技术及应用@Asheng wu hua gong chan pin sheng chan gong yi ji shu ji ying yong@f任凌波等编@FRen Ling Bo Deng Bian |
| 210 | @a北京@c化学工业出版社@d2001.06 | |
| 215 | @a606页@d20cm | |
| 606 | 0 | @a化工产品 |
| 606 | 0 | @a化工产品:副产品 |
| 690 | @aTQ072@v3 | |
| 701 | 0 | @a任凌波@ARen Ling Bo@4编 |
| 801 | 0 | @aCN@c20061226 |
| 905 | @a10447@dTQ072@eR500 | |
| 生物化工产品生产工艺技术及应用/任凌波等编.-北京:化学工业出版社,2001.06 |
| 606页;20cm |
| ISBN 7-5025-3105-X:RMB 40.00 |
| ● |
| 相关链接 |
|
|
|
正题名:生物化工产品生产工艺技术及应用
索取号:TQ072/R500
 
预约/预借
| 序号 | 登录号 | 条形码 | 馆藏地/架位号 | 状态 | 备注 |
| 1 | 352904 | 203529048 | 期刊室512/501自科库 138排8列5层/ [索取号:TQ072/R500] | 在馆 | |
| 2 | 352905 | 203529057 | 自科库501/501自科库 138排8列5层/ [索取号:TQ072/R500] | 在馆 | |
| 3 | 352906 | 203529066 | 自科库501/501自科库 138排8列5层/ [索取号:TQ072/R500] | 在馆 | |
| 4 | 641057 | 206410579 | 自科库501/501自科库 70排1列2层/ [索取号:TQ072/R500] | 在馆 | |
| 5 | 641058 | 206410588 | 期刊室512/501自科库 70排1列2层/ [索取号:TQ072/R500] | 在馆 |